000 00583nam a2200193 4500
999 _c188997
_d188997
005 20220609112223.0
010 _aENG-133171
020 _a978819074297
_c500.00
035 _aEN-116703
037 _bDBAD/PUB
082 _a954.147
100 _aCrawford, D.G.
245 _aA Brief History of the Hughli District/
_cD.G.Crawford
260 _aWest Bengal
_bDr.Ganesh Nandy
_c2015
270 _a358, Kamarpara Road, P.O.Chinsurah Dist-Hooghly
_bWest Bengal
_e712101
300 _a278p.
_c21cm(hbk)
700 _aGanesh Nandy
942 _2ddc
_cEN
_h954.147
_mCRA